Využití extradurální anestesie etylalkoholem při ošetření poševních a děložních výhřezů /

Hlavní autor: Holub, Rudolf
Korporativní autor: Vysoká škola zemědělská v Brně. Veterinární fakulta
Jazyk: Čeština
Vydáno: Brno : [Veterinární fakulta Vysoké školy zemědělské], 1962
Fyzický popis: 63 s.
Knihy
Uloženo v:
LEADER 00811nam a2200205 a 4500
001 000601778
003 CZ BrMZK
005 20040322083546.0
007 ta
008 020522s1962 xr f cze d
040 |a BOA001  |b cze  |c BOA001 
100 1 |a Holub, Rudolf  |4 dis 
245 1 0 |a Využití extradurální anestesie etylalkoholem při ošetření poševních a děložních výhřezů /  |c Rudolf Holub 
260 |a Brno :  |b [Veterinární fakulta Vysoké školy zemědělské],  |c 1962 
300 |a 63 s. 
502 |a Diplomová práce -- Vysoká škola zemědělská v Brně, 1962 
710 2 |a Vysoká škola zemědělská v Brně.  |b Veterinární fakulta  |7 kn20010710397 
910 |a BOA001  |b 4-0470.468 
990 |a BK 
996 6 |b BC-28032  |c 4-0470.468  |l MZK  |r Sklad / do 24 hodin  |n 0  |w 000601778  |u 000010  |a 1  |e BOA001  |j MZK50  |s P